000 00307nam a2200145Ia 4500
100 _aRAMMOURTI V.
650 _aPRODUCTION
942 _cBK
366 _f20
245 _aMECHANICS OF OF MACHINES
260 _bNAROSA PUBL.
_aNew Delhi
_c2010
082 _a620.1/RAM
300 _a340
546 _aENGLISH
999 _c18205
_d18205